| 000 | 01451naa a22003857a 4500 | ||
|---|---|---|---|
| 001 | BR8003198 | ||
| 003 | BR-BrBNA | ||
| 005 | 20240918174610.0 | ||
| 007 | ta | ||
| 008 | 230509b bl.||||| |||| 00| 0 por d | ||
| 040 |
_aBR-BrBNA _bpor _cBiblioteca Nacional de Agricultura |
||
| 041 | _a(Pt) | ||
| 072 |
_aF00; N20 _b0336 _b3575 _b4545 _bG514 |
||
| 090 | _aF00 BR8003198 | ||
| 100 | 1 | _aMesquita, C.M. | |
| 100 | 1 | _aCosta, N.P. | |
| 100 | 1 | _aQueiroz, E.F. | |
| 111 | 1 |
_a9. Congresso Brasileiro de Engenharia Agricola _cCampina Grande, PB (Brazil) _d24 Jul 1979 |
|
| 245 | 1 | _aInfluencia dos mecanismos das colhedeiras e do manejo da lavoura de soja (Glycine max (L.)Merril)sobre as perdas na colheita e a qualidade das sementes [Colheita mecanica; Brasil] | |
| 260 | 3 |
_aCampina Grande, PB (Brasil): _c1980. |
|
| 500 | _aAnais do 9. Congresso Brasileiro de Engenharia Agricola Campina Grande, PB (Brasil): 1980. v. 1 p. 261-273 (BR8003198-AM)F00 | ||
| 650 | _aProducao vegetal | ||
| 650 | _aEquipamento rural | ||
| 650 | _aFisiologia vegetal | ||
| 650 | _aSoja | ||
| 650 | _aSemente | ||
| 650 | _aColheitadeira | ||
| 650 | _aColheita mecanica | ||
| 650 | _aLavoura | ||
| 650 | _aGerminacao | ||
| 650 | _aPoder germinativo | ||
| 773 | 0 |
_tAnais do 9. Congresso Brasileiro de Engenharia Agricola _wF00 BR8003198 _gCampina Grande, PB (Brasil), 1980. v. 1 p. 261-273 |
|
| 909 |
_a202404 _bLucia _c55 _dLucia Elande |
||
| 942 |
_cAM _2AGRIS |
||
| 999 |
_c312256 _d312256 |
||